| 000 | 00524nam a2200169Ia 4500 | ||
|---|---|---|---|
| 003 | GCL | ||
| 008 | 140319s9999 xx 000 0 eng d | ||
| 040 |
_aGCL / _cGCL |
||
| 082 | 0 | 4 |
_a321.8 _bD P |
| 100 | 1 | _aDIAMOND, LARRY JOY | |
| 245 | 1 | 0 |
_aPROMOTING DEMOCRACY : _bACRORS AND INSTRUMENTS, ISSUES AND IMPERATIVES / _cDIAMOND, LARRY JOY |
| 260 |
_aنيويورك : _bCARNEGIE EDNOWMENT FOR INTERNATIONAL PEACE ، _c1990 |
||
| 300 |
_a26 CM ؛ _c86 P |
||
| 650 | 0 | 4 | _aDEMOCRACY |
| 650 | 0 | 4 | _aPOLITICAL SCIENCE |
| 942 |
_2ddc _cBK |
||
| 999 |
_c220 _d220 |
||